书目信息 |
| 题名: |
电化教育导论
|
|
| 作者: | 李运林 , 李克车 编著 | |
| 分册: | ||
| 出版信息: | 北京 高等教育出版社 1986 |
|
| 页数: | 285页 | |
| 开本: | 20cm | |
| 丛书名: | ||
| 单 册: | ||
| 中图分类: | G431 | |
| 科图分类: | ||
| 主题词: | 电化教学--高等学校--教材 | |
| 电子资源: | ||
| ISBN: | ||
| 000 | 00718nam0 2200265 45 | |
| 001 | 0186019275 | |
| 005 | 20040425094048.6 | |
| 010 | @dCNY1.65 | |
| 091 | @a13010.01322 | |
| 100 | @a19931006d1986 em y0chiy0121 ea | |
| 101 | 0 | @achi |
| 102 | @aCN@b110000 | |
| 105 | @af z 000yy | |
| 106 | @ar | |
| 200 | 10 | @a电化教育导论@Adian hua jiao yu dao lun@f李运林,李克车编著 |
| 210 | @a北京@c高等教育出版社@d1986 | |
| 215 | @a285页@c图@d20cm | |
| 300 | @a高等学校教材 | |
| 606 | @a电化教学@x高等学校@x教材 | |
| 690 | @aG431@v3 | |
| 701 | 0 | @a李运林@Ali yun lin@4编著 |
| 701 | 0 | @a李克车@Ali ke che@4编著 |
| 801 | 0 | @aCN@b深圳图书馆@c20040425 |
| 801 | 2 | @aCN@bNLC@c20040425 |
| 905 | @f2@b212130-131@dG431@e12 | |
| 电化教育导论/李运林,李克车编著.-北京:高等教育出版社,1986 |
| 285页:图;20cm |
| 高等学校教材 |
| ISBN :CNY1.65 |
| ● |
| 相关链接 |
|
|
|
|
正题名:电化教育导论
索取号:G431/12
 
预约/预借
| 序号 | 登录号 | 条形码 | 馆藏地/架位号 | 状态 | 备注 |
| 1 | 0212130 | 000458604 | 密集书库/ [索取号:G431/12] | 在馆 | |
| 2 | 0212131 | 000458524 | 密集书库/ [索取号:G431/12] | 在馆 | |
| 3 | 0212132 | 000458560 | 第一样本阅览室/ [索取号:G431/12] | 在馆 |